=LDR 00000nam 2200000 4500 =001 INLIS000000000039282 =005 20141020133441.0 =006 =007 =008 Ind =035 ##$$a 0010-061300000039282 =041 ##$$a Ind =082 ##$$a 629.135 =090 ##$$a 629.135, Wal t =100 ##$$a Waluyo, Moch Slamet =245 ##$$a Seri teknik penerbangan tenaga penggerak, Moch Slamet Waluyo =260 ##$$a 1996 $b Yogyakarta =300 ##$$a iv, 98 hlm., ilus, 23 cm =650 ##$$a Aeronautika, Alat-alat =850 ##$$a NBPNMAT